<?xml version="1.0" encoding="UTF-8"?><?xml-stylesheet type="text/xsl" href="static/style.xsl"?><OAI-PMH xmlns="http://www.openarchives.org/OAI/2.0/" xmlns:xsi="http://www.w3.org/2001/XMLSchema-instance" xsi:schemaLocation="http://www.openarchives.org/OAI/2.0/ http://www.openarchives.org/OAI/2.0/OAI-PMH.xsd"><responseDate>2026-04-27T22:07:12Z</responseDate><request verb="GetRecord" identifier="oai:uvadoc.uva.es:10324/70016" metadataPrefix="marc">https://uvadoc.uva.es/oai/request</request><GetRecord><record><header><identifier>oai:uvadoc.uva.es:10324/70016</identifier><datestamp>2025-03-26T19:45:17Z</datestamp><setSpec>com_10324_70009</setSpec><setSpec>com_10324_5186</setSpec><setSpec>com_10324_29291</setSpec><setSpec>col_10324_70010</setSpec></header><metadata><record xmlns="http://www.loc.gov/MARC21/slim" xmlns:doc="http://www.lyncode.com/xoai" xmlns:xsi="http://www.w3.org/2001/XMLSchema-instance" xmlns:dcterms="http://purl.org/dc/terms/" xsi:schemaLocation="http://www.loc.gov/MARC21/slim http://www.loc.gov/standards/marcxml/schema/MARC21slim.xsd">
<leader>00925njm 22002777a 4500</leader>
<datafield tag="042" ind1=" " ind2=" ">
<subfield code="a">dc</subfield>
</datafield>
<datafield tag="720" ind1=" " ind2=" ">
<subfield code="a">Bermúdez de Castro Acaso, Juanjo</subfield>
<subfield code="e">author</subfield>
</datafield>
<datafield tag="260" ind1=" " ind2=" ">
<subfield code="c">2024</subfield>
</datafield>
<datafield tag="520" ind1=" " ind2=" ">
<subfield code="a">Following a Foucauldian approach, this paper analyses how LGTBQIA+ dating apps carried out measures of collective care and information during the early days of the COVID-19 crisis in similar ways to those learned from the joint fight during the emergence of HIV-AIDS. Not forgetting that their main concern was keeping their users on the apps as long as possible for economic reasons, hook-up apps such as Grindr, Scruff, Wapx, and MachoBB provided the LGBTQIA+ community with a series of supporting and protecting services against COVID-19:  enabling digital socialization to share worries and feelings; offering free professional psychological assistance; recommending sources of help to isolated LGBTQIA+ elders; providing information about COVID-19 and special protective measures for HIV+ people; organizing digital events and virtual dance parties; and giving emotional support and advice to chemsex users. At a greater scale, when HIV-AIDS first appeared in the early 1980s, activists rapidly responded by creating care and education centres, and undertaking initiatives that gave support and combated the stigma. Drawing on Foucault’s conceptualization of biosurveillance, ethics, and the politics of resistance as backbone and methodological frame, this paper analyses how the LGBTQIA+ dating apps responded to COVID-19 through lessons learned from the early fight against HIV-AIDS.</subfield>
</datafield>
<datafield tag="024" ind2=" " ind1="8">
<subfield code="a">MariCorners: Revista de Estudios Interdisciplinares LGTBIA+ y queer; Vol. 1 Núm. 1 (2024): MariCorners: Estudios Interdisciplinares LGTBIA+ y Queer pags. 41-64</subfield>
</datafield>
<datafield tag="024" ind2=" " ind1="8">
<subfield code="a">3020-9552</subfield>
</datafield>
<datafield tag="024" ind2=" " ind1="8">
<subfield code="a">https://uvadoc.uva.es/handle/10324/70016</subfield>
</datafield>
<datafield tag="024" ind2=" " ind1="8">
<subfield code="a">10.24197/mcreilq.1.2024.41-64</subfield>
</datafield>
<datafield tag="024" ind2=" " ind1="8">
<subfield code="a">41</subfield>
</datafield>
<datafield tag="024" ind2=" " ind1="8">
<subfield code="a">1</subfield>
</datafield>
<datafield tag="024" ind2=" " ind1="8">
<subfield code="a">64</subfield>
</datafield>
<datafield tag="245" ind1="0" ind2="0">
<subfield code="a">¡Quédate (informada) en casa! Análisis foucaultiano de las respuestas digitales LGTBIQA+ frente a la COVID-19 y la memoria cultural del activismo contra la pandemia del VIH-SIDA</subfield>
</datafield>
</record></metadata></record></GetRecord></OAI-PMH>